| 000 | 00356nam a2200133Ia 4500 | ||
|---|---|---|---|
| 008 | 240624s9999 xx 000 0 und d | ||
| 041 | _aeng | ||
| 082 | _a152.47 HAR | ||
| 100 | _aHARTEL CHARMINE E J | ||
| 245 | _aNEW WAYS OF STUDYING EMOTIONS IN ORGANIZ | ||
| 260 |
_c2015 _aUnited Kingdom _bEmerald |
||
| 300 | _axxiv, 457 p.; 23 cm. | ||
| 365 |
_cBPS _b33 |
||
| 999 |
_c32356 _d32356 |
||